Państwa z populcją zbliżoną do 30 mln - Statystyki

Ogólne statystyki
  • Ten quiz został rozwiązany 18 razy
  • Średni wynik to 5 z 9
Statystyki odpowiedzi
Hint Odpowiedź % Poprawnych
32,2 mln Peru
88%
29,8 mln Wenezuela
81%
30,7 mln Nepal
56%
31 mln Jemen
50%
29,3 mln Kamerun
44%
31,7 mln Mozambik
44%
31,1 mln Uzbekistan
44%
28,7 mln Wybrzeże Kości Słoniowej
44%
28,2 mln Madagaskar
38%
Nie znaleziono quizów pasujących do podanych kryteriów
Rozkład punktacji
Procent ludzi z każdym wynikiem
Percentyl według liczby udzielonych odpowiedzi
Twoja historia wyników
Nie rozwiązałeś tego quizu